| 000 | 01006nam a22003257a 4500 | ||
|---|---|---|---|
| 003 | CHAP | ||
| 005 | 20220329135023.0 | ||
| 008 | 971013s1979 r 00010 d | ||
| 010 | _a29675 | ||
| 011 | _a30647 | ||
| 035 | _a34759 | ||
| 040 | _cCHAP | ||
| 090 | _aFolleto 6285y | ||
| 100 | 0 | 0 |
_aCook, L. M. _927698 |
| 245 | 1 | _aGenética de poblaciones | |
| 260 |
_aBarcelona : _bOmega, _c1979 |
||
| 300 | _a91 p. | ||
| 490 | _aCuadernos de biología | ||
| 590 |
_aBATCH-UPD _b10 _c20130110 _lUCH01 _h1816 |
||
| 590 |
_aBATCH-UPD _b10 _c20130410 _lUCH01 _h1150 |
||
| 590 |
_aBATCH-UPD _b10 _c20130914 _lUCH01 _h1535 |
||
| 590 |
_aCONVERSION _b10 _c20130109 _lUCH01 _h1317 |
||
| 650 | 1 | 4 |
_aGenética. _947469 |
| 830 | 0 |
_aCuadernos de biología _929748 |
|
| 901 | _aBK | ||
| 942 | _cFOLL | ||
| 949 |
_aFolleto 6285y _bBC _cFOLL _d-80320 _eTS1 _i34759 _si _t195.00 |
||
| 949 |
_aFolleto 6285y _bBC _cFOLL _d-80321 _eTS2 _fc.2 _i34759 _si _t195.00 |
||
| 949 |
_aFolleto 6285y _bBC _cFOLL _d-80322 _eTS2 _fc.3 _i34759 _si _t195.00 |
||
| 999 |
_c29675 _d29675 |
||